000 00487cam a2200193ua 4500
001 1858
008 110811n ii |||gr||||Z||||||asm
040 _cMAIN
082 _a370.9
100 _aGoswami, Ranu,
_eAuthor.
245 1 _aTulanamulak Shiksha
_cby Ranu Goswami
250 _a1st.
260 _aGolaghat:
_bSaraswati prakashan,
_c2007.
300 _a312p:
_c23cm.
653 _aEducation
653 _aTulanamulak shiksha
700 _aBarthakur, Minati,
_eAuthor.
942 _cBK
999 _c1740
_d1740